000 00842cab a2200205 4500
001 ABS38642
008 090401t1987 xxu||||| |||| 00| 0 eng d
035 _a(Sirsi) u11690
041 _aeng
100 _aJenkins, C.
245 _aTimeshare developers
260 _c1987
350 _a0
490 _aLaw Society`s Gazette
_v84(44) 2 December 1987, 3480-3481(2)
520 _aExamines the raison d`etre for the Timeshare Developers Association , formed out of three societies, the European Holiday Timeshare Association , British Property Timeshare Association and Timeshare Developers Group . It will lay down stringent tests for timeshare structures, marketing methods and a code of ethics including provision of a `cooling-off` period.
650 _aTIMESHARE PROPERTY
690 _aOVERSEAS
942 _n0
948 _c04/03/1997
999 _c7462
_d7462